[Event "RC-2016-0-00186"]
[Site "LSS email"]
[Date "2016.04.17"]
[Round "?"]
[White "Skiba, Krzysztof"]
[Black "Herzog, Agnes"]
[Result "1-0"]
[WhiteElo "1600"]
[BlackElo "1714"]
[PlyCount "61"]
[EventDate "2016.01.27"]
[EventType "tourn (corr)"]
[EventRounds "6"]
[EventCountry "GER"]
[SourceTitle "Corr 2022"]
[Source "ChessBase"]
[SourceDate "2021.10.24"]
[SourceVersion "1"]
[SourceVersionDate "2021.10.24"]
[SourceQuality "1"]

1. e4 e5 2. Nf3 Nc6 3. Bb5 Nf6 4. d3 Bc5 5. c3 d6 6. 0-0 0-0 7. Nbd2 Ne7 8. d4 exd4 9. cxd4 Bb6 10. Re1 Bg4 11. h3 Bh5 12. Qb3 d5 13. e5 Nd7 14. a4 a5 15. g4 Bg6 16. Nf1 h6 17. Ng3 Nb8 18. Be3 Nbc6 19. Bd3 Nb4 20. Bb1 Rc8 21. Nf5 Kh8 22. Bd2 Bxf5 23. Bxf5 Nxf5 24. gxf5 c5 25. Bxb4 cxb4 26. Re2 Rc4 27. Qd3 Rc6 28. Kg2 Kg8 29. Rg1 Qc8 30. Kh2 Kh8 31. Nh4 1-0

[Event "RC-2016-0-00186"]
[Site "LSS email"]
[Date "2016.04.17"]
[Round "?"]
[White "Skiba, Krzysztof"]
[Black "Travnik, Alexander"]
[Result "1/2-1/2"]
[WhiteElo "1600"]
[BlackElo "1913"]
[PlyCount "99"]
[EventDate "2016.01.27"]
[EventType "tourn (corr)"]
[EventRounds "6"]
[EventCountry "GER"]
[SourceTitle "Corr 2022"]
[Source "ChessBase"]
[SourceDate "2021.10.24"]
[SourceVersion "1"]
[SourceVersionDate "2021.10.24"]
[SourceQuality "1"]

1. e4 c5 2. Nf3 Nc6 3. d4 cxd4 4. Nxd4 e5 5. Nb5 d6 6. N1c3 a6 7. Na3 b5 8. Nd5 Nf6 9. Bg5 Be7 10. Bxf6 Bxf6 11. c3 0-0 12. Nc2 Bg5 13. a4 bxa4 14. Rxa4 a5 15. Bc4 Rb8 16. b3 Kh8 17. Nce3 g6 18. h4 Bxh4 19. g3 Bg5 20. f4 exf4 21. gxf4 Bh4+ 22. Kf1 g5 23. Qh5 f6 24. Ng2 Rb7 25. Nxh4 gxh4 26. Qxh4 f5 27. Qxd8 Rxd8 28. Ne3 fxe4 29. Bd5 Rc7 30. Ke1 Bb7 31. Rc4 Rdc8 32. Kd2 Ne7 33. Bxe4 Bxe4 34. Rxe4 d5 35. Re6 Rf8 36. Rh4 Ra7 37. Rg4 Rg8 38. Rg5 Rxg5 39. fxg5 a4 40. bxa4 Ng6 41. Nf5 Kg8 42. Rd6 Nf4 43. Ke3 Rxa4 44. Nd4 Nh3 45. Rxd5 Kf7 46. Rb5 Ra3 47. Rc5 Kg6 48. Nf3 Ra8 49. Rc6+ Kf5 50. Rc7 1/2-1/2